000 00660cab a2200253 4500
001 ABS52560
008 090401t1995 xxu||||| |||| 00| 0 eng d
035 _a(Sirsi) u84696
041 _aeng
100 _aCalder, D.
245 _aSeams of recovery
260 _c1995
350 _a0
490 _aScottish Business Insider
_v12(3) March 1995, 24-26(2)
520 _aReports on the profitability of privately owned mining in Scotland.
650 _aCOAL INDUSTRY
650 _aCOAL MINING
650 _aMINING SCOTLAND
650 _aPRIVATISATION
650 _aSCOTLAND
690 _aMINING AND MINERALS
942 _n0
948 _c04/03/1997
999 _c53258
_d53258